000 00461nam a2200181Ia 4500
003 GCL
008 140319s9999 xx 000 0 eng d
040 _aGCL /
_cGCL
082 0 4 _a576
_bM M
100 1 _aMARSH, PHILIP
245 1 0 _aORAL MICROBIOLOGY 3rd ed /
_cMARSH, PHILIP
700 1 _aMARTIN, MICHEAL
260 _a[S.N] :
_bCHAPMAN & HALL ،
_c1992
300 _a249 P
650 0 4 _aORAL MEDICINE
650 0 4 _aMARTH- MICROBIOLOGY
942 _2ddc
_cBK
999 _c16802
_d16802